Indikátory ako významný faktor pri posudzovaní vplyvu životného prostredia na zdravie

Prístupy k posudzovaniu miery vplyvu životného prostredia na zdravie s dôrazom na indikátory hodnotenia stavu a vývoja životného prostredia smerom k trvalo udržateľnému rozvoju.

Salvato in:
Dettagli Bibliografici
Autore principale: Bednárová, Lucia
Altri autori: Jergová, Natália
Natura: Capitolo di libro
Lingua:slovacco
Soggetti:
Tags: Aggiungi Tag
Nessun Tag, puoi essere il primo ad aggiungerne!!

MARC

LEADER 00000naa$a2200000$$$4500
001 0213745
005 20240502073552.7
041 0 |a slo 
044 |a SK 
245 1 0 |a Indikátory ako významný faktor pri posudzovaní vplyvu životného prostredia na zdravie  |c Lucia Bednárová, Natália Jergová 
520 |a Prístupy k posudzovaniu miery vplyvu životného prostredia na zdravie s dôrazom na indikátory hodnotenia stavu a vývoja životného prostredia smerom k trvalo udržateľnému rozvoju. 
610 2 0 |a zdravie 
610 2 0 |a ekológia 
610 2 0 |a záťaže environmentálne 
610 2 0 |a ochrana prostredia životného 
610 2 0 |a rozvoj trvalo udržateľný 
610 2 0 |a zodpovednosť spoločenská 
100 1 |a Bednárová, Lucia 
700 1 |a Jergová, Natália